Riadenie rizík a vzťahov so zákazníkmi v globalizovanej spoločnosti diplomová práca

Saved in:
Bibliographic Details
Main Author: Bezák, Lukáš
Corporate Author: Obchodná fakulta EU. Katedra medzinárodného obchodu
Other Authors: Pavelka, Ľuboš, 1962-
Format: Book
Language:Slovak
Published: Bratislava 2009
Tags: Add Tag
No Tags, Be the first to tag this record!

MARC

LEADER 00000nam$a2200000$$$4500
001 0100563
005 20240318133835.6
041 0 |a slo 
044 |a SK 
245 1 0 |a Riadenie rizík a vzťahov so zákazníkmi v globalizovanej spoločnosti  |b diplomová práca  |c Lukáš Bezák ; škol. Ľuboš Pavelka 
264 1 |a Bratislava  |c 2009 
300 |a 81 s. 
100 1 |a Bezák, Lukáš 
700 1 |a Pavelka, Ľuboš, 1962- 
710 2 |a Obchodná fakulta EU. Katedra medzinárodného obchodu